| 000 | 00661nam a2200217 i 4500 | ||
|---|---|---|---|
| 001 | 185952 | ||
| 003 | ES-MaACL | ||
| 005 | 20250818061903.0 | ||
| 008 | 160830s1970 ve |||| | spa d | ||
| 080 | _a2-167.62 | ||
| 245 | 0 | 3 |
_aLo demonĂaco / _cJoseph Henninger, Henri Irenee Marrou, P. de Menasce ... [et al.]. |
| 260 |
_aCaracas : _bMonte Avila, _c[1970] |
||
| 300 |
_a260 p. ; _c19 cm. |
||
| 490 | 1 | _aEstudios | |
| 650 | 4 |
_aDemonio. _911587 |
|
| 650 | 0 | 7 |
_aDemonologĂa _2embne _911589 |
| 700 | 1 |
_aHenninger, Joseph. _9160620 |
|
| 830 | 0 |
_aEstudios _9177349 |
|
| 852 |
_aES-MaACL _jL-30572 _z. - Donat. Miguel A. Velasco |
||
| 999 |
_c185952 _d185952 |
||